书目信息 |
| 题名: |
美得令人心醉的65篇楚辞
|
|
| 作者: | 王光波 著 | |
| 分册: | ||
| 出版信息: | 北京 华龄出版社 2018 |
|
| 页数: | 210页 | |
| 开本: | 23cm | |
| 丛书名: | 遇见醉美古诗词 | |
| 单 册: | ||
| 中图分类: | I207.223 | |
| 科图分类: | ||
| 主题词: | 楚辞--chu ci--诗歌欣赏 | |
| 电子资源: | ||
| ISBN: | 978-7-5169-1056-6 | |
| 000 | 00889nam 2200265 450 | |
| 001 | 012001006027 | |
| 005 | 20131015111338.0 | |
| 010 | @a978-7-5169-1056-6@dCNY32.00 | |
| 099 | @aCAL 012018054163 | |
| 100 | @a20180514d2018 em y0chiy50 ea | |
| 101 | 0 | @achi |
| 102 | @aCN@b110000 | |
| 105 | @aa z 000gy | |
| 106 | @ar | |
| 200 | 1 | @a美得令人心醉的65篇楚辞@Amei de ling ren xin zui de 65 pian chu ci@f王光波著 |
| 210 | @a北京@c华龄出版社@d2018 | |
| 215 | @a210页@c图@d23cm | |
| 225 | 2 | @a遇见醉美古诗词@Ayu jian zui mei gu shi ci |
| 330 | @a本书选录《楚辞》经典,深入《楚辞》作者情感和经历的核心,以他们的作品来注解他们的人生,以他们的人生来解读他们的作品。 | |
| 410 | 0 | @12001 @a遇见醉美古诗词 |
| 606 | 0 | @a楚辞@Achu ci@x诗歌欣赏 |
| 690 | @aI207.223@v5 | |
| 701 | 0 | @a王光波@AWang Guangbo@4著 |
| 801 | 2 | @aCN@b上海新华@c20191020 |
| 905 | @b1098496-9@dI207.223@e1160@f4 | |
| 美得令人心醉的65篇楚辞/王光波著.-北京:华龄出版社,2018 |
| 210页:图;23cm.-(遇见醉美古诗词) |
| ISBN 978-7-5169-1056-6:CNY32.00 |
| 本书选录《楚辞》经典,深入《楚辞》作者情感和经历的核心,以他们的作品来注解他们的人生,以他们的人生来解读他们的作品。 |
| ● |
| 相关链接 |
|
|
|
|
正题名:美得令人心醉的65篇楚辞
索取号:I207.223/1160
 
预约/预借
| 序号 | 登录号 | 条形码 | 馆藏地/架位号 | 状态 | 备注 |
| 1 | 1098496 | 210984960 | 第一样本阅览室/ [索取号:I207.223/1160] | 在馆 | |
| 2 | 1098497 | 210984979 | 第二借阅区/ [索取号:I207.223/1160] | 在馆 | |
| 3 | 1098498 | 210984988 | 第二借阅区/ [索取号:I207.223/1160] | 在馆 | |
| 4 | 1098499 | 210984997 | 第二借阅区/ [索取号:I207.223/1160] | 在馆 |